| 000 | 00445nam a22001817a 4500 | ||
|---|---|---|---|
| 003 | MPLRDC | ||
| 005 | 20220104113734.0 | ||
| 008 | 210129b ||||| |||| 00| 0 eng d | ||
| 082 | _a848.1 DL-6 c.2 | ||
| 100 | _a丁玲著 | ||
| 245 |
_a丁玲 _c |
||
| 250 | _a一版一刷 | ||
| 260 |
_a _b三联书店香港分店 _c1985 |
||
| 300 | _b平 | ||
| 490 | _a三十年代中国作家选集 | ||
| 650 | _a现代别集 | ||
| 942 |
_cBK _o848.1 DL-6 c.2 |
||
| 999 |
_c1974 _d1964 |
||